MARC

LEADER 00000nam0a2200000 4500
001 274550
005 20231101234735.0
020 |a RU  |b 85-47296 
035 |a (RuTPU)RU\TPU\book\297760 
090 |a 274550 
100 |a 20141106d1984 k y0rusy5003 ca 
101 0 |a rus 
102 |a RU 
105 |a a z 001zy 
200 1 |a Проектирование и содержание мостов и тоннелей на автомобильных дорогах  |e сборник научных трудов  |f Московский автомобильно-дорожный институт (Государственный технический университет) (МАДИ-ГТУ) ; А. А. Потапкина 
210 |a Москва  |c Изд-во МАДИ  |d 1984 
215 |a 104 с.  |c ил. 
320 |a Библиография в конце статей 
606 1 |a Мостостроение  |2 stltpush  |3 (RuTPU)RU\TPU\subj\44503  |9 63819 
610 1 |a железобетонные элементы 
610 1 |a расчет 
610 1 |a металлические мосты 
610 1 |a аэродинамическая устойчивость 
610 1 |a проектирование 
610 1 |a подземные сооружения 
610 1 |a строительство 
610 1 |a тоннели 
610 1 |a фотомеханика 
610 1 |a исследование 
675 |a 624.21  |v 4 
702 1 |a Потапкин  |b А. А.  |g Анатолий Алексеевич 
712 0 2 |a Московский автомобильно-дорожный институт (Государственный технический университет) (МАДИ-ГТУ)  |2 stltpush  |3 (RuTPU)RU\TPU\col\3181 
801 0 |a RU  |b RuMRKP  |c 19950704  |g psbo 
801 1 |a RU  |b 63413507  |c 20141106 
801 2 |a RU  |b 63413507  |c 20170324  |g RCR 
942 |c BK